01496cam a2200433Ia 45000010008000000030004000080050017000120080041000290200025000700200018000950200022001130200025001350290021001600290021001810290018002020290022002200290022002420350023002640350037002870350017003240400056003410820024003970900026004211000018004472450043004652600031005083000022005394400029005614900042005905000018006325200124006506500021007746550030007958000054008259420012008799480031008919990019009229520121009418703852OSt20180116183027.0931221s1994 nyu 000 1 eng d a0451453069 :c$22.00 a9780451453068 a0451454162 (pbk.) a9780451454164 (pbk.)1 aUNITYb0207275501 aNLGGCb2391089811 aNZ1b133079301 aAU@b0000463788731 aAU@b000046448382 a(OCoLC)ocm29533562 a(OCoLC)29533562z(OCoLC)31775134 a(NNC)8703852 aIMDcIMDdSLCdOCLCQdSXCdJDPdBTCTAdBAKERdSINLB04a813.54 WUR 1992221 aPS3573.U75bC87 1994x1 aWurts, Janny.10aThe Master of WhitestormcJanny Wurts. aNew York :bGraftonc1994. a413 p. ;ccm.bPB aThe Master of Whitestorm1 aThe Wars of Light and Shadows ;vv. 1 a"A Roc book." aOnly if two half-brothers, heirs to an ancient blood feud, work together can they lift the curse on the land of Athera. 0aFantasy fiction. 7aFantastic fiction.2gsafd1 aWurts, Janny.tWars of Light and Shadows ;vv. 1. 2ddccBK1 a20110609bccgarecap1dRCP c350843d350843 00102ddc41708FICaCLbCLcFICd2015-12-15l1o813.54 WUR 1992pNBSD-2406r2021-06-15s2017-10-13w2015-12-15yBK